00916nam a2200229 a 450000100100000000500170001000800410002702000150006804000250008304100390010808200160014710000270016324000620019024501180025226000380037030000210040853400860042965000250051504900090054095201200054999900170066900002594820200930024156.0110224s1985 mx r 000 0 spa d a9684092903 aDO-SdBNPbspacBNPHU17aspaheng2Código de idiomas MARC a306.8bY61f1 aYorbung, Betty.95281510aFamilies and societies survival or extinction?lEspañol13aEl futuro de la familia :bun dramático cambio en la sociedad y en la organización familiar /cBetty Yorbung. aMéxico, D. F. :bEdamex,c1985. a263 p. ;c20 cm. aTítulo de la obra en inglés :tFamilies and societies survival or extinction? 4aVida familiar911338 aBNGR 001054708MOaGRbGRcCTd2011-02-24iLF1l0o306.8 Y61fp25948-10r2020-06-25w2020-06-25y4ZPréstamo en sala c25440d25440